Arduino cookbook : (Record no. 14276)
[ view plain ]
| 000 -LEADER | |
|---|---|
| fixed length control field | 01056cam a2200325 i 4500 |
| 001 - CONTROL NUMBER | |
| JCCL Control Number | 14276 |
| 003 - CONTROL NUMBER IDENTIFIER | |
| JCCL marc code | BD-JhCC |
| 005 - DATE AND TIME OF LATEST TRANSACTION | |
| control field | 20250226105445.0 |
| 008 - FIXED-LENGTH DATA ELEMENTS--GENERAL INFORMATION | |
| fixed length control field | 220526s2020 cc a 001 0 eng |
| 020 ## - INTERNATIONAL STANDARD BOOK NUMBER | |
| International Standard Book Number | 9781491903520 |
| 035 ## - SYSTEM CONTROL NUMBER | |
| system control number | (BD-JhCC)14276 |
| 040 ## - CATALOGING SOURCE | |
| Original cataloging agency | DLC |
| Description conventions | rda |
| Transcribing agency | DLC |
| Modifying agency | BD-JhCC |
| 041 ## - LANGUAGE CODE | |
| Language code of Book | eng |
| 050 00 - LIBRARY OF CONGRESS CALL NUMBER | |
| Classification number | TJ223.P76 |
| Item number | M35 2020 |
| 082 04 - DEWEY DECIMAL CLASSIFICATION NUMBER | |
| Classification number | 629.895 |
| DDC Edition number | 23 |
| 100 1# - MAIN ENTRY--PERSONAL NAME | |
| Personal name | Margolis, Michael |
| Titles and other words associated with a name | (Computer scientist), |
| 245 10 - TITLE STATEMENT | |
| Title | Arduino cookbook : |
| Remainder of title | recipes to begin, expand, and enhance your projects / |
| Statement of responsibility, etc | Michael Margolis, Brian Jepson, and Nicholas Robert Weldin. |
| 250 ## - EDITION STATEMENT | |
| Edition statement | Third edition. |
| 260 ## - PUBLICATION, DISTRIBUTION, ETC. (IMPRINT) | |
| Place of publication, distribution, etc | USA |
| Name of publisher, distributor, etc | O`Reilly |
| Date of publication, distribution, etc | 2020 |
| 300 ## - PHYSICAL DESCRIPTION | |
| Pagination | xxi, 769 pages : |
| Other physical details | illustrations ; |
| Dimensions | 24 cm |
| 500 ## - GENERAL NOTE | |
| General note | "Covers Arduino 1.8"--Cover |
| 500 ## - GENERAL NOTE | |
| General note | Includes index. |
| 650 #0 - SUBJECT ADDED ENTRY--TOPICAL TERM | |
| Topical term or geographic name as entry element | Arduino (Programmable controller) |
| 650 #0 - SUBJECT ADDED ENTRY--TOPICAL TERM | |
| Topical term or geographic name as entry element | Programmable controllers. |
| 650 #0 - SUBJECT ADDED ENTRY--TOPICAL TERM | |
| Topical term or geographic name as entry element | Microcontrollers |
| General subdivision | Programming. |
| 700 1# - ADDED ENTRY--PERSONAL NAME | |
| Personal name | Jepson, Brian, |
| Dates associated with a name | 1967- |
| 700 1# - ADDED ENTRY--PERSONAL NAME | |
| Personal name | Weldin, Nicholas Robert, |
| 942 ## - ADDED ENTRY ELEMENTS (KOHA) | |
| Source of classification or shelving scheme | Dewey Decimal Classification |
| Koha item type | Books |
| Source of classification or shelving scheme | Damaged status | Not for loan | Home library | Current library | Shelving location | Date of accession | Cost, normal purchase price | Total Checkouts | Full call number | Barcode | Date last seen | Date checked out | Copy number | Method of acquisition | Koha item type | Currency |
|---|---|---|---|---|---|---|---|---|---|---|---|---|---|---|---|---|
| Dewey Decimal Classification | JCC Rouf Library | JCC Rouf Library | General Stacks | 800.00 | 1 | 629.895 | 20031 | 07/13/2025 | 06/22/2025 | C-1 | Purchase | Books | ||||
| Dewey Decimal Classification | JCC Rouf Library | JCC Rouf Library | General Stacks | 800.00 | 1 | 629.895 | 20030 | 11/05/2025 | 07/02/2025 | C-2 | Purchase | Books | BDT |